[Event "Transcendent Classic II"]
[Site "SchemingMind.com"]
[Date "2014.06.22"]
[Round "-"]
[White "alexyongpohweng"]
[Black "Transcendent"]
[Result "0-1"]
[WhiteCountry "MAS"]
[BlackCountry "ENG"]
[WhiteElo "1102"]
[WhiteRD "55"]
[BlackElo "1570"]
[BlackRD "63"]
[GameID "360276"]

1. e4 c5 2. d4 cxd4 3. Qxd4 Nc6 4. Qd1 g6 5. Nf3 Bg7 6. c3 d6 7. Bb5 Bd7 8. O-O Nf6 9. Bxc6 Bxc6 10. Bg5 Nxe4
11. Be3 O-O 12. Na3 Rc8 13. Nc4 b5 14. Ncd2 Qa5
0-1

[Event "Transcendent Classic II"]
[Site "SchemingMind.com"]
[Date "2014.06.22"]
[Round "-"]
[White "Transcendent"]
[Black "alexyongpohweng"]
[Result "1-0"]
[WhiteCountry "ENG"]
[BlackCountry "MAS"]
[WhiteElo "1570"]
[WhiteRD "63"]
[BlackElo "1102"]
[BlackRD "55"]
[GameID "360277"]

1. d4 d5 2. c4 dxc4 3. e3 Nf6 4. Bxc4 g6 5. Qb3 e6 6. Nf3 Bg7 7. O-O O-O 8. Nc3 c6 9. Bd2 b5 10. Bd3 a5
11. Qc2 b4 12. Ne4 Nxe4 13. Bxe4 Bb7 14. Rac1
1-0

[Event "Transcendent Classic II"]
[Site "SchemingMind.com"]
[Date "2014.06.24"]
[Round "-"]
[White "emvarela"]
[Black "Transcendent"]
[Result "1/2-1/2"]
[WhiteCountry "ARG"]
[BlackCountry "ENG"]
[WhiteElo "1735"]
[WhiteRD "50"]
[BlackElo "1606"]
[BlackRD "64"]
[GameID "360299"]

1. e4 e6 2. d4 d5 3. Nc3 Bb4 4. e5 c5 5. a3 Bxc3+ 6. bxc3 Ne7 7. Nf3 Nbc6 8. Be2 O-O 9. Be3 Nf5 10. dxc5 Nxe3
11. fxe3 Qa5 12. Qd2 Qxc5 13. Nd4 Nxe5 14. Nb3 Qc7 15. O-O Nc4 16. Bxc4 Qxc4 17. Qd3 Qxd3 18. cxd3 b6 19. Rac1 Ba6 20. Rfd1 Rac8
21. Kf2 Rc7 22. d4 Rfc8 23. Nd2 Rxc3 24. Rxc3 Rxc3 25. Nb1 Rc2+ 26. Rd2 Rc1 27. Rb2 Rf1+ 28. Kg3 Re1 29. Kf2 Rc1 30. Nd2 Rc3
31. Rb3 Rxb3 32. Nxb3 Kf8 33. Kf3 Ke7 34. e4 Bc4 35. Nd2 Bd3 36. e5 f6 37. g4 fxe5 38. dxe5 Kd7 39. Ke3 Bg6 40. h4 Kc6
41. h5 Bc2 42. g5 Kc5 43. h6 gxh6 44. gxh6 a5 45. Nf3 Kc4 46. Nd4 b5 47. Nxc2 b4 48. axb4 axb4 49. Kd2 b3 50. Na3+ Kd4
51. Nb5+ Kxe5 52. Kc3 Kf6 53. Nc7 d4+ 54. Kxb3 e5 55. Kc4 Kg6 56. Kd3 Kxh6 57. Ke4 Kg6 58. Ne6 Kf6 59. Nxd4 exd4 60. Kxd4 Kf5
61. Ke3 Kg4 62. Kf2 Kh3=
1/2-1/2

[Event "Transcendent Classic II"]
[Site "SchemingMind.com"]
[Date "2014.06.23"]
[Round "-"]
[White "Transcendent"]
[Black "emvarela"]
[Result "1-0"]
[WhiteCountry "ENG"]
[BlackCountry "ARG"]
[WhiteElo "1612"]
[WhiteRD "76"]
[BlackElo "1695"]
[BlackRD "49"]
[GameID "360300"]

1. d4 d5 2. c4 dxc4 3. e3 e6 4. Bxc4 Bb4+ 5. Bd2 Bxd2+ 6. Nxd2 Nf6 7. Ngf3 O-O 8. O-O Nbd7 9. Rc1 Nb6 10. Bb3 Bd7
11. Qc2 c6 12. Ne5 Nfd5 13. Ne4 f6 14. Nd3 Qe7 15. Ndc5 f5 16. Nd2 Be8 17. Nf3 h6 18. Ne5 Nd7 19. Nexd7 Bxd7 20. Nxb7 Rab8
21. Nc5 Rfc8 22. Qd2 Kf7 23. Bxd5 cxd5 24. Rc3 Rb6 25. Nxd7 Rxc3 26. Ne5+ Kf6 27. Qxc3 g5 28. Rc1 Qb7 29. b3 g4 30. Qc7
1-0

[Event "Transcendent Classic II"]
[Site "SchemingMind.com"]
[Date "2014.06.22"]
[Round "-"]
[White "alexyongpohweng"]
[Black "ray winteringham"]
[Result "0-1"]
[WhiteCountry "MAS"]
[BlackCountry "ENG"]
[WhiteElo "1240"]
[WhiteRD "45"]
[BlackElo "1489"]
[BlackRD "52"]
[GameID "360316"]

1. e4 e5 2. Qh5 Qf6 3. Nf3 g6 4. Qxe5+ Qxe5 5. Nxe5 Nf6 6. d3 Bg7 7. Nf3 O-O 8. c3 d6 9. h3 Be6 10. Be2 c5
11. O-O Nc6 12. Bg5 b6 13. Bxf6 Bxf6 14. Na3 a6 15. Rac1 Bxa2 16. c4 Bxb2 17. Rcd1 Bxa3 18. Ra1 Nb4
0-1

[Event "Transcendent Classic II"]
[Site "SchemingMind.com"]
[Date "2014.06.22"]
[Round "-"]
[White "ray winteringham"]
[Black "alexyongpohweng"]
[Result "1-0"]
[WhiteCountry "ENG"]
[BlackCountry "MAS"]
[WhiteElo "1489"]
[WhiteRD "52"]
[BlackElo "1240"]
[BlackRD "45"]
[GameID "360317"]

1. e4 e5 2. Nf3 d6 3. Bc4 h6 4. O-O Nf6 5. d3 c6 6. Be3 b5 7. Bb3 a5 8. c3 a4 9. Bc2 c5 10. h3 g6
11. Nbd2 Bg7 12. b3 axb3 13. axb3 Rxa1 14. Qxa1 O-O 15. Qa8 Nbd7 16. Qc6 Nb8 17. Qxb5 Ba6 18. Qa4 Nbd7 19. Qxa6 Qa8 20. Ra1 Qxa6
21. Rxa6 Ne8 22. Nc4 Nef6 23. Nxd6 Rd8 24. Nb7 Rc8 25. c4 Rb8 26. Nxc5 Nxc5 27. Ra5 Nxb3 28. Bxb3 Rxb3 29. Ra8+ Kh7 30. Nxe5 Rxd3
31. Nxd3 Nxe4 32. c5
1-0

[Event "Transcendent Classic II"]
[Site "SchemingMind.com"]
[Date "2014.06.23"]
[Round "-"]
[White "emvarela"]
[Black "ray winteringham"]
[Result "1-0"]
[WhiteCountry "ARG"]
[BlackCountry "ENG"]
[WhiteElo "1695"]
[WhiteRD "49"]
[BlackElo "1478"]
[BlackRD "50"]
[GameID "360318"]

1. e4 e5 2. Nf3 d6 3. d4 f6 4. dxe5 dxe5 5. Qxd8+ Kxd8 6. Bd3 Bd7 7. Be3 Bd6 8. O-O Nc6 9. Nc3 Nge7 10. a3 a6
11. b4 Ke8 12. Nd5 Kf7 13. Nxe7 Bxe7 14. c4 b6 15. c5 b5 16. Rfd1 Be6 17. Bb1 g5 18. Ba2 h5 19. Bxe6+ Kxe6 20. Rd2 Rhd8
21. Rad1 a5 22. Rxd8 Rxd8 23. Rxd8 Bxd8 24. Bd2 a4 25. Bc3 Ne7 26. h3 c6 27. g3 Ng6 28. Kf1 Be7 29. Ke2 f5 30. exf5+ Kxf5
31. g4+ hxg4 32. hxg4+ Ke4 33. Bd2 Nh4 34. Nxg5+ Bxg5 35. Bxg5 Ng6 36. f3+ Kd4 37. Kd2 Nf8 38. f4 e4 39. f5 Ke5 40. Kc3 Nh7
41. Be3 Nf6 42. Bd4+ Kf4 43. Bxf6 Kxg4 44. Kd2 Kxf5 45. Bd4 Kf4 46. Ke2 Kf5= 47. Ke3 Ke6 48. Kxe4 Kd7 49. Kf5 Ke7 50. Bf6+ Kd7
51. Ke5 Kc7 52. Ke6 Kc8 53. Kd6 Kb7 54. Kd7 Kb8 55. Kxc6
1-0

[Event "Transcendent Classic II"]
[Site "SchemingMind.com"]
[Date "2014.06.23"]
[Round "-"]
[White "ray winteringham"]
[Black "emvarela"]
[Result "0-1"]
[WhiteCountry "ENG"]
[BlackCountry "ARG"]
[WhiteElo "1522"]
[WhiteRD "52"]
[BlackElo "1627"]
[BlackRD "46"]
[GameID "360319"]

1. e4 e5 2. Nf3 Nc6 3. Bc4 Bc5 4. d3 Nf6 5. O-O h6 6. Nc3 O-O 7. h3 Nd4 8. Nxe5 d6 9. Nf3 Nxf3+ 10. Qxf3 Qe7
11. Be3 Bxe3 12. Qxe3 Be6 13. Bb3 Bxb3 14. axb3 a6 15. f3 Rfe8 16. Ra2 d5 17. Qf2 dxe4 18. dxe4 c5 19. Rfa1 Rad8 20. Qg3 Qd6
21. Qf2 Qd2 22. Qxc5 Qxc2 23. Qb6 Rd2 24. Kf1 Rxg2 25. Re1 Nh5 26. Ne2 Rxe2 27. Rxe2 Ng3+
0-1

[Event "Transcendent Classic II"]
[Site "SchemingMind.com"]
[Date "2014.06.22"]
[Round "-"]
[White "Transcendent"]
[Black "ray winteringham"]
[Result "1-0"]
[WhiteCountry "ENG"]
[BlackCountry "ENG"]
[WhiteElo "1614"]
[WhiteRD "67"]
[BlackElo "1518"]
[BlackRD "50"]
[GameID "360320"]

1. d4 d5 2. c4 e6 3. Nf3 c6 4. e3 Be7 5. Qc2 Nf6 6. Nc3 O-O 7. Bd3 dxc4 8. Bxc4 b5 9. Bd3 Bb7 10. O-O a6
11. a3 c5 12. Be2 Nbd7 13. Rd1 c4 14. b3 h6 15. bxc4 bxc4 16. Rb1 Bd5 17. e4 Bb7 18. Bxc4 Qc7 19. Qd3 Rab8 20. Be3 Bxa3
21. d5 exd5 22. Nxd5 Bxd5 23. exd5 Bd6 24. Bxa6 Ra8 25. Rb7 Ng4 26. Rxc7
1-0

[Event "Transcendent Classic II"]
[Site "SchemingMind.com"]
[Date "2014.06.22"]
[Round "-"]
[White "ray winteringham"]
[Black "Transcendent"]
[Result "0-1"]
[WhiteCountry "ENG"]
[BlackCountry "ENG"]
[WhiteElo "1522"]
[WhiteRD "52"]
[BlackElo "1570"]
[BlackRD "63"]
[GameID "360321"]

1. e4 e6 2. d4 d5 3. Bd3 Nf6 4. e5 Nfd7 5. Nf3 c5 6. c3 Nc6 7. O-O cxd4 8. cxd4 Qb6 9. Be2 Be7 10. b3 O-O
11. Be3 f6 12. Nc3 fxe5 13. Na4 Qc7 14. Nc3 e4 15. Ng5 Nf6 16. Bg4 Nd8 17. Rc1 Qa5 18. Bd2 Qa6 19. Be3 h6 20. Nh3 Nf7
21. f3 Nxg4 22. fxg4 Bd7 23. Nf4 Ng5 24. Ng6 Rxf1+ 25. Qxf1 Qxf1+ 26. Rxf1 Bb4 27. Ne2 Kh7 28. Nh4 Rf8 29. Nf4 Bb5 30. Nhg6 Rf6
31. h4 Bxf1 32. hxg5 hxg5 33. Nxe6 Kxg6
0-1

[Event "Transcendent Classic II"]
[Site "SchemingMind.com"]
[Date "2014.06.26"]
[Round "-"]
[White "alexyongpohweng"]
[Black "Scooter"]
[Result "0-1"]
[WhiteCountry "MAS"]
[BlackCountry "USA"]
[WhiteElo "1240"]
[WhiteRD "45"]
[BlackElo "1774"]
[BlackRD "48"]
[GameID "360497"]

1. e4 c6 2. d4 d5 3. exd5 cxd5 4. Nf3 Bg4 5. Be2 Nf6 6. O-O e6 7. Bg5 Be7 8. Bxf6 Bxf6 9. h3 Bxf3 10. Bxf3 O-O
11. b3 Nc6 12. a3 Nxd4 13. c3 Nxf3+ 14. Qxf3 Rc8 15. b4 b5 16. Qe3 a6 17. a4 Rc4 18. axb5 axb5 19. Na3 Rxc3 20. Qe1 Rb3
21. Nxb5 Bxa1 22. Qxa1 Rxb4 23. Na3 Ra4 24. Qb2 Qa5 25. Nc2 Rc8 26. Rc1 Ra2 27. Qb3 Qa4 28. Qxa4 Rxa4 29. Kf1 Ra2 30. Ke1 Raxc2
31. Rd1 Rb8 32. Kf1 Rbb2 33. Kg1 Rxf2 34. Kh1 Rxg2 35. h4 Rh2+ 36. Kg1 Rxh4 37. Rf1 Rhh2
0-1

[Event "Transcendent Classic II"]
[Site "SchemingMind.com"]
[Date "2014.06.26"]
[Round "-"]
[White "Scooter"]
[Black "alexyongpohweng"]
[Result "1-0"]
[WhiteCountry "USA"]
[BlackCountry "MAS"]
[WhiteElo "1774"]
[WhiteRD "48"]
[BlackElo "1240"]
[BlackRD "45"]
[GameID "360498"]

1. d4 d5 2. Nf3 Nf6 3. Bf4 g6 4. e3 Bg7 5. Be2 O-O 6. O-O Bg4 7. Nbd2 Bxf3 8. Nxf3 Nc6 9. c3 b6 10. h3 Qc8
11. Bb5 Na5 12. Ne5 a6 13. Be2 b5 14. Qc2 Nc4 15. Bxc4 bxc4 16. Rfe1 e6 17. f3 Nh5 18. Bh2 Bxe5 19. Bxe5 f6 20. Bh2 c6
21. e4 Ng7 22. exd5 exd5 23. Re2 f5 24. Rae1 a5 25. Bd6 Rd8 26. Be5 Rd7 27. Bxg7 Kxg7 28. Re7+ Rxe7 29. Rxe7+ Kg8 30. Kf2 Qa6
31. Qe2 Rf8 32. Qe6+ Kh8 33. Qe5+
1-0

[Event "Transcendent Classic II"]
[Site "SchemingMind.com"]
[Date "2014.06.26"]
[Round "-"]
[White "emvarela"]
[Black "Scooter"]
[Result "0-1"]
[WhiteCountry "ARG"]
[BlackCountry "USA"]
[WhiteElo "1627"]
[WhiteRD "46"]
[BlackElo "1752"]
[BlackRD "44"]
[GameID "360499"]

1. e4 c6 2. d4 d5 3. exd5 cxd5 4. Nc3 Nf6 5. Nf3 Bg4 6. Be2 e6 7. h3 Bxf3 8. Bxf3 Be7 9. O-O O-O 10. Be3 a6
11. a3 Nbd7 12. b4 b5 13. Qd2 Rc8 14. Ne2 Nb6 15. Rfc1 Nc4 16. Qe1 h6 17. Ng3 Nd7 18. Be2 Nxe3 19. fxe3 Bh4 20. Qf2 Qg5
21. Bg4 Bxg3 22. Qxg3 h5 23. Qd6 Qxe3+ 24. Kh2 hxg4 25. Qxd7 gxh3 26. Rf1 Rxc2
0-1

[Event "Transcendent Classic II"]
[Site "SchemingMind.com"]
[Date "2014.06.26"]
[Round "-"]
[White "Scooter"]
[Black "emvarela"]
[Result "0-1"]
[WhiteCountry "USA"]
[BlackCountry "ARG"]
[WhiteElo "1778"]
[WhiteRD "45"]
[BlackElo "1695"]
[BlackRD "49"]
[GameID "360500"]

1. d4 Nf6 2. Nf3 d5 3. Bf4 e6 4. e3 Bd6 5. Bxd6 Qxd6 6. c3 O-O 7. Bd3 c5 8. O-O cxd4 9. cxd4 Nc6 10. a3 Bd7
11. Nbd2 e5 12. dxe5 Nxe5 13. Nxe5 Qxe5 14. b4 a6 15. Nf3 Qd6 16. Rc1 Rac8 17. Qb3 Rxc1 18. Rxc1 Rc8 19. Rxc8+ Bxc8 20. Qc3 Qc6
21. Qxc6 bxc6 22. Ne5 Bb7 23. a4 g6 24. f3 Kf8 25. b5 axb5 26. axb5 cxb5= 27. Bxb5 Ke7 28. Kf2 Ke6 29. Nd3 Bc8 30. Nc5+ Kd6
31. Nd3 Bd7 32. Bxd7 Kxd7 33. Ne5+ Ke6 34. Nd3 Nd7 35. Kg3 Nf6 36. Kf4 h6 37. g4 Nd7 38. h4 f6 39. h5 g5+ 40. Kg3 Ne5
41. Nxe5 Kxe5 42. Kf2 f5 43. Ke2 fxg4 44. fxg4 Ke4 45. Kf2 d4 46. exd4= Kxd4 47. Kf3 Kd3 48. Kf2 Ke4
0-1

[Event "Transcendent Classic II"]
[Site "SchemingMind.com"]
[Date "2014.06.25"]
[Round "-"]
[White "Scooter"]
[Black "Transcendent"]
[Result "0-1"]
[WhiteCountry "USA"]
[BlackCountry "ENG"]
[WhiteElo "1761"]
[WhiteRD "48"]
[BlackElo "1583"]
[BlackRD "66"]
[GameID "360501"]

1. d4 d5 2. Nf3 Nf6 3. Bf4 c5 4. e3 Qb6 5. b3 Bf5 6. Bd3 Bxd3 7. Qxd3 Nc6 8. O-O e6 9. Nbd2 Be7 10. Ne5 O-O
11. Ndf3 cxd4 12. Nxd4 Nxe5 13. Bxe5 Nd7 14. Bg3 Nc5 15. Qb5 Qxb5 16. Nxb5 Ne4 17. Rfd1 Nxg3 18. hxg3 a6 19. Nd4 Rac8 20. Kf1 Rc3
21. Rd3 Bb4 22. a3 Rxd3 23. cxd3 Bd6 24. Ke2 Rc8 25. Kd2 Kf8 26. b4 g6 27. Rc1 Rxc1 28. Kxc1 Ke7 29. Kb2 e5 30. Nb3 b6
31. Kc3 h5 32. e4 Ke6 33. f3 g5 34. a4 f5 35. a5 d4+ 36. Kc2 b5 37. Nc5+ Bxc5 38. bxc5 fxe4 39. fxe4 Kd7 40. Kb3 Kc6
41. Kb4 g4 42. Kb3 Kxc5 43. Ka3 b4+ 44. Ka4 b3 45. Kxb3 Kb5 46. Ka3 Kxa5 47. Kb3 Kb5 48. Ka3 a5 49. Kb3 a4+ 50. Ka3 Ka5
0-1

[Event "Transcendent Classic II"]
[Site "SchemingMind.com"]
[Date "2014.06.26"]
[Round "-"]
[White "Transcendent"]
[Black "Scooter"]
[Result "0-1"]
[WhiteCountry "ENG"]
[BlackCountry "USA"]
[WhiteElo "1583"]
[WhiteRD "66"]
[BlackElo "1761"]
[BlackRD "48"]
[GameID "360502"]

1. d4 Nf6 2. c4 g6 3. g3 Bg7 4. Bg2 O-O 5. Nc3 d6 6. Nf3 Bg4 7. Nd2 c6 8. h3 Bd7 9. O-O e5 10. d5 cxd5
11. cxd5 a6 12. e4 b5 13. a3 a5 14. Re1 Na6 15. Qc2 b4 16. Ne2 Rc8 17. Qd3 Nc5 18. Qe3 Bb5 19. axb4 Bxe2 20. Qxe2 axb4
21. b3 Bh6 22. Nc4 Bxc1 23. Raxc1 Nxb3 24. Rb1 Nd4 25. Qb2 Rxc4 26. Bf1 Rc2 27. Qxb4 Nf3+ 28. Kg2 Nxe1+ 29. Rxe1 Ne8 30. h4 Qf6
31. Qb6 Ng7 32. Bd3 Rd2 33. Qe3 Rb2 34. Rc1 Rfb8 35. Qa7 g5 36. hxg5 Qxg5 37. Rc2 R2b7 38. Qa6 Nh5 39. Bf1 Nf4+ 40. Kg1 Rd7
41. Qc6 Qg4 42. Ra2 Rb1 43. Ra8+ Kg7 44. Qc8 Nh3+ 45. Kh2 Nxf2 46. Qg8+ Kh6 47. Qxg4 Nxg4+ 48. Kg2 Ne3+
0-1

[Event "Transcendent Classic II"]
[Site "SchemingMind.com"]
[Date "2014.06.25"]
[Round "-"]
[White "Scooter"]
[Black "ray winteringham"]
[Result "1-0"]
[WhiteCountry "USA"]
[BlackCountry "ENG"]
[WhiteElo "1774"]
[WhiteRD "48"]
[BlackElo "1489"]
[BlackRD "52"]
[GameID "360503"]

1. d4 d5 2. Nf3 Bf5 3. Bf4 e6 4. e3 Bd6 5. Bxd6 Qxd6 6. c3 Nf6 7. Bd3 Bg6 8. O-O Ng4 9. Bxg6 fxg6 10. Nbd2 O-O
11. h3 Nf6 12. Re1 c6 13. e4 Nh5 14. exd5 exd5 15. Ne5 Qf6 16. Ndf3 Nf4 17. Qb3 b6 18. Qa4 b5 19. Qc2 Na6 20. Nd7 Nxh3+
21. gxh3 Qxf3 22. Nxf8 Rxf8 23. Qe2 Qxh3 24. Qe6+ Qxe6 25. Rxe6 Nb8 26. Rae1 Nd7 27. Rxc6 Nf6 28. f3 Nh5 29. Kg2 Nf4+ 30. Kg3 g5
31. Rc7 a5 32. Ree7 Nh5+ 33. Kg4 g6 34. Rb7 Rf4+ 35. Kxg5 Rf5+ 36. Kh6 Kf8 37. Rxh7 Ng7 38. Rh8#
1-0

[Event "Transcendent Classic II"]
[Site "SchemingMind.com"]
[Date "2014.06.25"]
[Round "-"]
[White "ray winteringham"]
[Black "Scooter"]
[Result "0-1"]
[WhiteCountry "ENG"]
[BlackCountry "USA"]
[WhiteElo "1489"]
[WhiteRD "52"]
[BlackElo "1774"]
[BlackRD "48"]
[GameID "360504"]

1. e4 c6 2. d4 d5 3. Bd3 dxe4 4. Bxe4 Nf6 5. Bf3 g6 6. Ne2 Bg7 7. Be3 O-O 8. Nd2 Bg4 9. O-O Bxf3 10. Nxf3 Nbd7
11. c4 e6 12. h3 Re8 13. b4 Ne4 14. a4 Nb6 15. Qc2 Nf6 16. a5 Nbd7 17. Rfd1 b6 18. c5 bxc5 19. Qxc5 Nxc5 20. dxc5 Qe7
21. Ne5 Qc7 22. Bf4 Nd5 23. Nxg6 Nxf4 24. Ngxf4 Bxa1 25. Rxa1 Red8 26. Nh5 Qe5 27. Neg3 Qxa1+
0-1

[Event "Transcendent Classic II"]
[Site "SchemingMind.com"]
[Date "2014.06.27"]
[Round "-"]
[White "alexyongpohweng"]
[Black "Chessibelle"]
[Result "0-1"]
[WhiteCountry "MAS"]
[BlackCountry "ENG"]
[WhiteElo "1102"]
[WhiteRD "55"]
[BlackElo "1241"]
[BlackRD "62"]
[GameID "360534"]

1. e4 e5 2. Qh5 d6 3. Bc4 g6 4. Qf3 Nf6 5. Nc3 Nc6 6. Nd5 Be7 7. Nxf6+ Bxf6 8. a3 Nd4 9. Qd1 O-O 10. c3 Nc6
11. Nf3 Qd7 12. O-O a6 13. b4 b5 14. Bb3 Ne7 15. d3 Qc6 16. a4 Qxc3 17. Bd2 Qc6 18. axb5 axb5 19. Ra7 Rxa7 20. Be3 Ra8
21. Qc1 Qb7 22. Qc2 Nc6 23. Rb1 Nxb4 24. Qb2 Nxd3 25. Qd2 Qxe4 26. Bc2 Qd5 27. Bxd3 c6 28. Qc2 Ba6 29. Be4 Qe6 30. Bd3 Rfc8
31. Ne1 c5 32. Be4 Rab8 33. Bf3 c4 34. h3 Rd8 35. Bg4 Qe8 36. Qa2 Qc6 37. Bf3 e4 38. Bg4 d5 39. Ra1 Ra8 40. Qc2 Be7
41. Kf1 Qd6 42. Be2 Qh2 43. f4 Qh1+ 44. Kf2 Bh4+
0-1

[Event "Transcendent Classic II"]
[Site "SchemingMind.com"]
[Date "2014.06.27"]
[Round "-"]
[White "Chessibelle"]
[Black "alexyongpohweng"]
[Result "1-0"]
[WhiteCountry "ENG"]
[BlackCountry "MAS"]
[WhiteElo "1263"]
[WhiteRD "60"]
[BlackElo "1240"]
[BlackRD "45"]
[GameID "360535"]

1. Nf3 d5 2. d4 Nf6 3. Nc3 g6 4. e3 Bg7 5. Bd2 O-O 6. Be2 Nc6 7. O-O b6 8. Bd3 Bb7 9. a3 a6 10. b4 b5
11. e4 dxe4 12. Nxe4 Nxe4 13. Bxe4 f5 14. Bd5+ Qxd5 15. c3 Rfe8 16. Bf4 h6 17. Bxc7 Rac8 18. Bf4 g5 19. Be3 g4 20. Nh4 Bf6
21. Ng6 Nxd4 22. f3 Nc6 23. Qxd5+ e6 24. Qd2 Kg7 25. Nf4 e5 26. Qd7+
1-0

[Event "Transcendent Classic II"]
[Site "SchemingMind.com"]
[Date "2014.06.26"]
[Round "-"]
[White "emvarela"]
[Black "Chessibelle"]
[Result "1-0"]
[WhiteCountry "ARG"]
[BlackCountry "ENG"]
[WhiteElo "1700"]
[WhiteRD "51"]
[BlackElo "1212"]
[BlackRD "55"]
[GameID "360536"]

1. e4 e5 2. Nf3 Nc6 3. Bb5 Nf6 4. O-O Be7 5. Nc3 O-O 6. Bxc6 dxc6 7. d4 Nd7 8. dxe5 b5 9. Be3 Bb7 10. a3 c5
11. Nd5 c6 12. Nxe7+ Qxe7 13. Qd6 Qd8 14. Bxc5 Re8 15. Rad1 Bc8 16. Qxc6 Rb8 17. Bxa7 Bb7 18. Qxd7 Ra8 19. Qxd8 Rexd8 20. Be3 Bxe4
21. c3 Re8 22. Bd4 Re6 23. Ng5 Rg6 24. Nxe4 h5 25. Nd6 h4 26. Nxb5 h3 27. g3 Rb8 28. a4 Ra8 29. b3 Kh7 30. Nd6 Rf8
31. a5 Ra8 32. b4 Ra6 33. Nxf7 Rae6 34. f4 Re7 35. Ng5+ Kh6 36. Nxh3 Kh5 37. f5 Rg4 38. f6 Re8 39. fxg7 Rg8 40. e6 Re4
41. Nf4+ Kg4 42. Kg2 Re8 43. h3+ Kg5 44. Rde1 Kf5 45. Nd5+
1-0

[Event "Transcendent Classic II"]
[Site "SchemingMind.com"]
[Date "2014.06.26"]
[Round "-"]
[White "Chessibelle"]
[Black "emvarela"]
[Result "0-1"]
[WhiteCountry "ENG"]
[BlackCountry "ARG"]
[WhiteElo "1241"]
[WhiteRD "62"]
[BlackElo "1627"]
[BlackRD "46"]
[GameID "360537"]

1. Nf3 d5 2. d4 Nf6 3. e3 e6 4. Nc3 Bb4 5. Bd2 Bxc3 6. Bxc3 O-O 7. Bd3 Bd7 8. O-O Nc6 9. a3 a6 10. b4 b5
11. Ng5 h6 12. Nh3 Ne7 13. Qf3 Ng6 14. g3 Qe7 15. e4 dxe4 16. Bxe4 Nxe4 17. Qxe4 e5 18. Rfe1 Bxh3 19. g4 Qh4 20. Qd3 Qxg4+
21. Kh1 Qg2#
0-1

[Event "Transcendent Classic II"]
[Site "SchemingMind.com"]
[Date "2014.06.26"]
[Round "-"]
[White "Scooter"]
[Black "Chessibelle"]
[Result "1-0"]
[WhiteCountry "USA"]
[BlackCountry "ENG"]
[WhiteElo "1774"]
[WhiteRD "48"]
[BlackElo "1263"]
[BlackRD "60"]
[GameID "360538"]

1. d4 d5 2. Nf3 Nf6 3. Bf4 Nc6 4. e3 h6 5. h3 e6 6. Bb5 Bd7 7. O-O Be7 8. Nbd2 a6 9. Bxc6 Bxc6 10. Ne5 Bb5
11. Re1 c5 12. a4 Bd7 13. Nxd7 Qxd7 14. c3 g6 15. Nf3 Nh5 16. Ne5 Qc8 17. Bh2 O-O 18. b3 Qc7 19. Nxg6 Bd6 20. Bxd6 Qxd6
21. Qxh5 Kh7 22. Ne5 Rg8 23. Nxf7 Qf8 24. dxc5 Rc8 25. b4 Qg7 26. g3 Rcf8 27. Ng5+ Qxg5 28. Qxg5 hxg5 29. e4 Rg6 30. exd5 exd5
31. Re7+ Kh6 32. Rd7 Rgf6 33. Ra2 Rf3 34. Rc2 Rd3 35. Rxb7 Re8 36. c6 Rd1+ 37. Kg2 Ree1 38. c7 Rg1+ 39. Kf3 Kh5 40. c8=Q Rd3+
41. Ke2 Rgd1 42. g4+ Kh4 43. Rh7#
1-0

[Event "Transcendent Classic II"]
[Site "SchemingMind.com"]
[Date "2014.06.26"]
[Round "-"]
[White "Chessibelle"]
[Black "Scooter"]
[Result "0-1"]
[WhiteCountry "ENG"]
[BlackCountry "USA"]
[WhiteElo "1263"]
[WhiteRD "60"]
[BlackElo "1774"]
[BlackRD "48"]
[GameID "360539"]

1. Nf3 Nf6 2. d4 g6 3. e3 Bg7 4. Nc3 O-O 5. Bd3 d6 6. Bd2 Bg4 7. O-O Nbd7 8. a3 e5 9. Ne4 Nxe4 10. Bxe4 c6
11. c4 exd4 12. Qb3 dxe3 13. Bxe3 Nb6 14. Bg5 Qc7 15. h3 Be6 16. Nd2 d5 17. Bd3 dxc4 18. Nxc4 Nxc4 19. Bxc4 Bxc4 20. Qxc4 Bxb2
21. Ra2 Bg7 22. Re1 Rfe8 23. Ree2 Rxe2 24. Qxe2 h6 25. g4 hxg5 26. Qd2 Qd8 27. Qb4 Qd1+ 28. Kg2 b6 29. Qe7 Qd5+ 30. f3 Qxa2+
0-1

[Event "Transcendent Classic II"]
[Site "SchemingMind.com"]
[Date "2014.06.27"]
[Round "-"]
[White "Transcendent"]
[Black "Chessibelle"]
[Result "1-0"]
[WhiteCountry "ENG"]
[BlackCountry "ENG"]
[WhiteElo "1627"]
[WhiteRD "65"]
[BlackElo "1244"]
[BlackRD "60"]
[GameID "360540"]

1. d4 d5 2. c4 Nf6 3. cxd5 Qxd5 4. Nc3 Qd8 5. e4 e6 6. Nf3 Nc6 7. Bb5 Bd7 8. O-O Be7 9. Bg5 O-O 10. Rc1 a6
11. Be2 Nb4 12. a3 Nc6 13. Bxf6 Bxf6 14. e5 Be7 15. Ne4 g6 16. Qd2 Na7 17. Qh6 f6 18. exf6 Bxf6 19. Nfg5 Qe7 20. Rxc7 Rab8
21. Bg4 Nb5 22. Rxd7 Qxd7 23. Bxe6+
1-0

[Event "Transcendent Classic II"]
[Site "SchemingMind.com"]
[Date "2014.06.26"]
[Round "-"]
[White "Chessibelle"]
[Black "Transcendent"]
[Result "0-1"]
[WhiteCountry "ENG"]
[BlackCountry "ENG"]
[WhiteElo "1264"]
[WhiteRD "64"]
[BlackElo "1614"]
[BlackRD "67"]
[GameID "360541"]

1. Nf3 d5 2. d4 Nf6 3. e3 c5 4. Bd2 Qb6 5. b3 Nc6 6. Bd3 Bg4 7. O-O e6 8. Nc3 cxd4 9. Ne2 Bxf3 10. gxf3 Ne5
11. exd4 Nxf3+ 12. Kh1 Ng4 13. Ng3 Nxd2 14. Qxd2 Bd6 15. f3 Nf6 16. c3 O-O 17. f4 Rac8 18. c4 dxc4 19. bxc4 Qc6+ 20. Kg1 a6
21. Be2 Rfd8 22. Bd3 Be7 23. a4 Rd7 24. Qf2 Ng4 25. Qe3 Nxe3
0-1

[Event "Transcendent Classic II"]
[Site "SchemingMind.com"]
[Date "2014.06.26"]
[Round "-"]
[White "ray winteringham"]
[Black "Chessibelle"]
[Result "1-0"]
[WhiteCountry "ENG"]
[BlackCountry "ENG"]
[WhiteElo "1489"]
[WhiteRD "52"]
[BlackElo "1263"]
[BlackRD "60"]
[GameID "360542"]

1. d4 d5 2. Nf3 Nf6 3. e3 Bd7 4. Be2 Nc6 5. O-O e6 6. h3 Bd6 7. b3 O-O 8. Bb2 a5 9. Nbd2 b5 10. Bxb5 Qb8
11. a4 Ne4 12. c4 h6 13. c5 Be7 14. Qe2 g5 15. g4 f6 16. Nh2 Qb7 17. Nxe4 Bc8 18. Ng3 Nd8 19. Qd3 c6 20. Qg6+ Kh8
21. Nh5 Rg8 22. Qxh6#
1-0

[Event "Transcendent Classic II"]
[Site "SchemingMind.com"]
[Date "2014.06.26"]
[Round "-"]
[White "Chessibelle"]
[Black "ray winteringham"]
[Result "0-1"]
[WhiteCountry "ENG"]
[BlackCountry "ENG"]
[WhiteElo "1263"]
[WhiteRD "60"]
[BlackElo "1489"]
[BlackRD "52"]
[GameID "360543"]

1. Nf3 Nc6 2. d4 d5 3. e3 Bg4 4. Be2 e6 5. Nc3 Bd6 6. g3 Qf6 7. Nb5 a6 8. Nc3 O-O-O 9. a3 Bh3 10. e4 Nh6
11. Be3 Qe7 12. Bg5 f6 13. Be3 Ng4 14. Na4 dxe4 15. Nd2 f5 16. b4 b5 17. Nc3 g5 18. Nb3 Nxe3 19. fxe3 Kb8 20. d5 g4
21. dxc6 Bxg3+
0-1

[Event "Transcendent Classic II"]
[Site "SchemingMind.com"]
[Date "2014.07.01"]
[Round "-"]
[White "alexyongpohweng"]
[Black "black cloud"]
[Result "0-1"]
[WhiteCountry "MAS"]
[BlackCountry "ENG"]
[WhiteElo "1102"]
[WhiteRD "55"]
[BlackElo "1915"]
[BlackRD "90"]
[GameID "360592"]

1. e4 e5 2. Qh5 Nf6 3. Qxe5+ Be7 4. d3 O-O 5. Bg5 Re8 6. Qc3 h6 7. Bxf6 Bxf6 8. Qb3 d5 9. Nd2 dxe4 10. Nxe4 Nc6
11. O-O-O Be7 12. Nf3 Bg4 13. Be2 Be6 14. c4 a5
0-1